| 000 | 01625nac a22004097a 4500 | ||
|---|---|---|---|
| 001 | BR8100094 | ||
| 003 | BR-BrBNA | ||
| 005 | 20240105114857.0 | ||
| 008 | 230509b bl.|||m| |||| 00| 0 por d | ||
| 040 |
_aBR-BrBNA _bpor _cBiblioteca Nacional de Agricultura |
||
| 072 | _aF25; E15 | ||
| 090 | _a1410 BR8100094 | ||
| 100 | 1 | _aOliveira, J.F. de | |
| 100 | 1 | _aHolanda, J.S. de | |
| 100 | 1 | _aFernandes, J.B. | |
| 100 | 1 | _aLeite, L.A. de S. | |
| 100 | 1 | _aOliveira, G.M. de | |
| 110 | 1 |
_aUnidade de Execucao de Pesquisa de Ambito Estadual de Caico, RN (Brasil) _910356 |
|
| 245 | 1 | _aNiveis economicos de adubacao organica no cultivo de feijao vigna e batata doce, em leitos de rios [Phaseolus vulgaris; Ipomea batatas; Esterco; Produtividade; Zona semi arida; Nordeste; Rio Grande do Norte; Brasil] | |
| 246 | 1 | _a[Economic levels of organic fertilization in vigna bean crop and sweet potato in river beds [Phaseolus vulgaris; Ipomea batatas; Manure; Productiveness; Semi-arid area; Northeast; Rio Grande do Norte; Brazil]] | |
| 260 | 3 |
_aCaico, RN (Brasil): _cFeb 1980. |
|
| 300 | _a6 p. | ||
| 490 |
_aComunicado Tecnico - Unidade de Execucao de Pesquisa de Ambito Estadual de Caico (Brazil) _vno. 4 _xISSN 0100-476X |
||
| 650 | _aFertilidade do solo | ||
| 650 | _aMicroeconomia | ||
| 650 | _aFeijao | ||
| 650 | _aBatata doce | ||
| 650 | _aAdubo organico | ||
| 650 | _aEsterco | ||
| 650 | _aProdutividade | ||
| 650 | _aRio | ||
| 650 | _aZona semi-arida | ||
| 650 | _aRegiao Nordeste | ||
| 650 | _aRio Grande do Norte | ||
| 909 |
_a202312 _bLúcia Elande _c55 _dLúcia Elande |
||
| 942 |
_2AGRIS _n0 _cMS |
||
| 999 |
_c271810 _d271810 |
||